000 00752cam a22002171 4500
001 af 48004327
003 DLC
005 20260227110907.0
008 890325t19461945au 000 1 ger c
010 _aaf 48004327
035 _a(OCoLC)19454826
040 _aYale Univ. Library
_cCU
_dDLC
042 _apremarc
050 0 0 _aPT2603.I238
_bI5
100 1 _aBienek, Gustav Karl.
245 1 0 _aIm Schatten Romanettis;
_babenteuerliche Novellen.
260 _a[Wien,
_bA. Sexl]
_c1946 [c1945]
300 _a239 p.
_c21 cm.
440 0 _aObelisk-Ausgabe
505 0 _aIm Schatten Romanettis.--Die Busse des Kotja Popovic.--Der Schatz von Botticelle.--Der Don Quichotte von San Jorge.--Die grosse Sehnsucht.--Das fremde Mädchen.--Das ermordete Porträt.
999 _c5992
_d5992